| 000 | 01196nam a22002177a 4500 | ||
|---|---|---|---|
| 003 | St Aloysius Coll | ||
| 005 | 20260122162038.0 | ||
| 008 | 260117b |||||||| |||| 00| 0 eng d | ||
| 020 | _a9781035012923 | ||
| 040 | _cAL | ||
| 041 | _aEnglish | ||
| 082 |
_a813.6 _bBLAA |
||
| 100 |
_aOlivie Blake _9251641 |
||
| 245 |
_aAlone with you in the ether _b: a love story |
||
| 260 |
_aUK _bTor _c2022 |
||
| 300 |
_a339p. _bPB _c19.5x13cm |
||
| 365 |
_2General _a5468 _b₹479.00 _c₹ _d₹599.00 _e20% _f10/01/2026 |
||
| 520 | _aFrom the internationally bestselling author of The Atlas Six, Alone With You in the Ether by Olivie Blake is a glimpse into the nature of love, what it means to be unwell, and how to face the fractures of yourself and still love as if you'' re not broken. Chicago, sometime. Two people meet in the armory of the Art Institute by chance. Prior to their encounter, he is a doctoral student who manages his destructive thoughts with compulsive calculations about time travel; she is a bipolar counterfeit artist undergoing court-ordered psychotherapy. After their meeting, those things do not change. | ||
| 650 |
_2Fiction _aEnglish Fiction _9251642 |
||
| 942 |
_2ddc _cBK |
||
| 999 |
_c240784 _d240784 |
||